|
|
|
|
| LEADER |
00000nab a2200000 a 4500 |
| 001 |
vtls000819330 |
| 003 |
SK-MaSNL |
| 005 |
20260304132340.0 |
| 008 |
250429c2002 xo 0 slo |
| 015 |
|
|
|a SNBRB2002/12-42120
|
| 035 |
|
|
|a CLN000170985
|
| 035 |
|
|
|a urn:nbn:sk:snk-ab25nh
|
| 035 |
|
|
|a (urnnbn)urn:nbn:sk:snk:ar-a01pha
|
| 035 |
|
|
|a (uuid)da794ab3-b845-4057-ac70-2b43aee6c7ff
|
| 040 |
|
|
|a SNKBUCL
|b slo
|c SNKBUCL
|e AACR2
|
| 041 |
0 |
|
|a eng
|
| 044 |
|
|
|a xo
|c SK
|
| 080 |
|
|
|a 502.5:551.4.036(538)
|2 1997
|
| 080 |
|
|
|a 551.4.036(538)
|2 1997
|
| 080 |
|
|
|a 551.435.2(538)
|2 1997
|
| 080 |
|
|
|a 551.311.21(538)
|2 1997
|
| 100 |
1 |
|
|a Ziętara, Tadeusz
|4 aut
|9 1151457
|
| 245 |
1 |
4 |
|a The role of debris-mud flows in devastation of settlement infrastructure in the Flysch Carpathian
|c Tadeusz Ziętara
|
| 300 |
|
|
|b Grafy, mp.
|
| 504 |
|
|
|a Bibliogr. odkazy
|
| 650 |
0 |
7 |
|a sídla
|x infraštruktúra
|x devastácia
|x prúdy sutinovo-bahenné
|x podiel
|z Západné Karpaty (Poľsko)
|2 snkbucl
|9 1447348
|
| 650 |
0 |
7 |
|a doliny
|2 snkbucl
|9 256361
|
| 650 |
0 |
7 |
|a prúdy sutinovo-bahenné
|x typológia
|2 snkbucl
|9 1447349
|
| 655 |
|
7 |
|a články z novín a časopisov
|2 snkbucl
|9 267496
|
| 773 |
0 |
|
|t Geografický časopis
|g Roč. 54, č. 1 (2002), s. 59-73
|x 0016-7193
|
| 850 |
|
|
|a Slovenská národná knižnica
|
| 852 |
|
|
|a Slovenská národná knižnica
|
| 958 |
|
|
|a article27
|
| 958 |
|
|
|a NB
|
| 958 |
|
|
|a PL
|
| 958 |
|
|
|a OND
|
| 958 |
|
|
|a EUIPO
|
| 992 |
|
|
|a RBX
|
| 999 |
|
|
|c 2898790
|d 2900720
|